ბათუმის შოთა რუსთაველის სახელმწიფო უნივერსიტეტის ბიბლიოთეკა

სამშენებლო ნორმები და წესები–"სეისმომედეგი მშენებლობა"(პნ 01.01–09). (ბიბ.ჩანაწერი № 35734)

000 -LEADER
fixed length control field 00578nam a2200181Ia 4500
001 - CONTROL NUMBER
control field 1609
003 - CONTROL NUMBER IDENTIFIER
control field GE_BSU
008 - FIXED-LENGTH DATA ELEMENTS--GENERAL INFORMATION
fixed length control field 181216s||||||||xx |||||||||||||| ||und||
040 ## - CATALOGING SOURCE
Transcribing agency GE_BSU
080 ## - UNIVERSAL DECIMAL CLASSIFICATION NUMBER
Universal Decimal Classification number 669.841
245 ## - TITLE STATEMENT
Title სამშენებლო ნორმები და წესები–"სეისმომედეგი მშენებლობა"(პნ 01.01–09).
260 ## - PUBLICATION, DISTRIBUTION, ETC.
Place of publication, distribution, etc. თბ.
260 ## - PUBLICATION, DISTRIBUTION, ETC.
Date of publication, distribution, etc. 2009.
300 ## - PHYSICAL DESCRIPTION
Extent 62გვ.
653 ## - INDEX TERM--UNCONTROLLED
Uncontrolled term სეისმომედეგი მშენებლობა.
942 ## - ADDED ENTRY ELEMENTS (KOHA)
Koha item type წიგნი
ეგზემპლარები
Withdrawn status Lost status Damaged status Not for loan Date acquired Barcode Date last seen Price effective from Koha item type
        2018-12-17 3016 2018-12-17 2018-12-17 წიგნი